000 01868nam0a2200349 4500
001 RU\NLR\bibl\989173
005 20260407143559.0
010 _a5-88874-687-8
_9100
021 _aRU
_b2006-47494
_92364
035 _a(NLR Aleph) 000976999
090 _a435023
_c435023
100 _a20060929d2005 |||y0rusy50 ca
101 0 _arus
102 _aRU
105 _ay |||||||||
200 1 _aОборонительные сооружения Юго-Восточной Прибалтики
_eсборник научных статей
_e[по материалам научной конференции "Оборонительные сооружения Восточной Пруссии"
_fредкол.: Л.А. Ефремов и др.]
210 _aКалининград
_cИзд-во Российского государственного университета
_d2005
215 _a110 с.
_d21
300 _aВ надзаг.: Музей "Фридландские ворота"
320 _aБиблиогр. в подстроч. прим.
606 1 _aФортификационные сооружения
_jСборники
_yВосточная Пруссия
_92490518
_3RU\NLR\auth\661477800
686 1 _aЦ561.21г(2Р-4К)я43
686 1 _aТ3(2Р-4К)я43
702 1 _aЕфремов
_bЛ. А.
_4340
711 1 2 _a"Оборонительные сооружения Восточной Пруссии", международная научно-практическая конференция
_d1
_eКалининград
_f2005
_9675662
_3RU\NLR\AUTH\8810086991
712 0 2 _4570
_a"Фридландские ворота", музей
_cКалининград
_9675659
_3RU\NLR\AUTH\8810086990
801 0 _aRU
_bNLR
_c20060929
_grcr
801 1 _aRU
_bNLR
_c20060929
942 _cBOOK
980 _aNB